LIBRARY & INFORMATION CENTRE, KCAET, TAVANUR

ONLINE PUBLIC ACCESS CATALOGUE (OPAC)

Wind Energy Data for India / (Record no. 8854)

MARC details
000 -LEADER
fixed length control field 00333cam a2200133ua 4500
082 ## - DEWEY DECIMAL CLASSIFICATION NUMBER
Classification number 333.79
Item number MAN/WI
100 ## - MAIN ENTRY--AUTHOR NAME
Personal name Mani, Anna .
100 ## - MAIN ENTRY--AUTHOR NAME
Personal name Mooley, D. A .
245 ## - TITLE STATEMENT
Title Wind Energy Data for India /
250 ## - EDITION STATEMENT
Edition statement 1 /
260 ## - PUBLICATION, DISTRIBUTION, ETC. (IMPRINT)
Place of publication Mumbai :
Name of publisher Allied Publishers Pvt Ltd ,
Year of publication 1983.
300 ## - PHYSICAL DESCRIPTION
Number of Pages 545 ; .
942 ## - ADDED ENTRY ELEMENTS (KOHA)
Koha item type Reference
Holdings
Withdrawn status Lost status Damaged status Collection code Home library Current library Shelving location Date acquired Full call number Accession Number Koha item type
      Reference KAUAET KAUAET Reference 20/08/1986 333.79 MAN/WI 15461 Reference
free website counter